000 00432nam a22001697a 4500
003 NUST - PNEC
005 20170116181146.0
008 151013b xxu||||| |||| 00| 0 eng d
020 _a-
040 _cLIBRARY
082 _a629.831 PRI
100 _915049
_a: Prime, H. A.
245 _aModern concepts in control theory
_cH. A. Prime
260 _cc.1969
650 _912103
_aAutomatic control
_xMS CON, EE
942 _2ddc
_cBK
999 _c70737
_d70737